[Event "EU/EM/M/007 EU Email"]
[Site "corr"]
[Date "2002.11.02"]
[Round "?"]
[White "Weiler, Wolfgang"]
[Black "Mayer, Johann"]
[Result "1-0"]
[WhiteElo "2309"]
[BlackElo "2092"]
[PlyCount "113"]
[EventDate "2002.??.??"]

1. e4 e5 2. Nf3 Nc6 3. Bb5 a6 4. Ba4 Nf6 5. O-O Be7 6. Re1 b5 7. Bb3 O-O 8. a4
b4 9. d3 a5 10. Bd5 Bb7 11. Bxc6 Bxc6 12. Nxe5 Bb7 13. c4 d6 14. Nf3 Nd7 15.
Nbd2 Bf6 16. Nf1 Re8 17. Ng3 Ne5 18. Nd4 c5 19. Ndf5 g6 20. Nh6+ Kg7 21. Ng4
Nxg4 22. Qxg4 Be5 23. f4 Bd4+ 24. Kh1 Kg8 25. Rb1 d5 26. cxd5 Bxd5 27. b3 Bb7
28. f5 Bg7 29. Qf3 Ba6 30. Rd1 Ra7 31. Bb2 Rd7 32. Bxg7 Kxg7 33. Rbc1 Bxd3 34.
f6+ Kh8 35. Rxc5 Bxe4 36. Rxd7 Qxd7 37. Nxe4 Rxe4 38. h3 Re1+ 39. Kh2 Re8 40.
Qf4 Qd8 41. Rb5 Kg8 42. h4 Kh8 43. Rb7 Kg8 44. h5 Qd5 45. Rb5 Qd8 46. hxg6 hxg6
47. Rh5 Qb8 48. Qxb8 Rxb8 49. Rxa5 Rb6 50. Rb5 Rxf6 51. Rxb4 Ra6 52. Kg3 Kg7
53. Rb7 Kf6 54. Kf4 Ke6 55. Kg5 Ra5+ 56. Rb5 Ra7 57. a5 1-0

[Event "EU/EM/M/007 EU Email"]
[Site "corr"]
[Date "2002.11.02"]
[Round "?"]
[White "Klapiszewski, Tadeusz"]
[Black "Pellegrinon, Fausto"]
[Result "1/2-1/2"]
[WhiteElo "2155"]
[BlackElo "2220"]
[PlyCount "85"]
[EventDate "2002.??.??"]

1. e4 e5 2. Nf3 Nc6 3. Bb5 a6 4. Ba4 Nf6 5. O-O Be7 6. Re1 b5 7. Bb3 d6 8. c3
O-O 9. h3 Nb8 10. d4 Nbd7 11. Nbd2 Bb7 12. Bc2 Re8 13. Nf1 Bf8 14. Ng3 g6 15.
a4 c5 16. d5 c4 17. Bg5 h6 18. Be3 Nc5 19. Qd2 h5 20. Bg5 Be7 21. Ra3 Rb8 22.
Rea1 Bc8 23. axb5 axb5 24. Ra7 Rb7 25. Ra8 Nfd7 26. Be3 Qc7 27. Ne2 Nf6 28. Ng5
Rb8 29. R8a3 Bb7 30. Nc1 Ra8 31. b4 cxb3 32. Nxb3 Rxa3 33. Rxa3 Ra8 34. Rxa8+
Bxa8 35. Qe2 Nxb3 36. Bxb3 Qa5 37. c4 bxc4 38. Bxc4 Bd8 39. Kh2 Bb6 40. f4 Bxe3
41. Qxe3 exf4 42. Qxf4 Qd8 43. Bd3 1/2-1/2

[Event "EU/EM/M/007 EU Email"]
[Site "corr"]
[Date "2002.11.02"]
[Round "?"]
[White "Engl, Heinz"]
[Black "Pellegrinon, Fausto"]
[Result "1/2-1/2"]
[WhiteElo "2365"]
[BlackElo "2220"]
[PlyCount "66"]
[EventDate "2002.??.??"]

1. e4 e5 2. Nf3 Nc6 3. Bb5 a6 4. Ba4 Nf6 5. O-O Be7 6. Re1 b5 7. Bb3 d6 8. c3
O-O 9. h3 Nb8 10. d4 Nbd7 11. Nbd2 Bb7 12. Bc2 Re8 13. Nf1 Bf8 14. Ng3 g6 15.
Bg5 h6 16. Bd2 c5 17. d5 Nb6 18. b3 Bg7 19. Qe2 a5 20. Bd3 b4 21. Bb5 Nbd7 22.
a3 bxc3 23. Bxc3 Qc7 24. Nd2 Reb8 25. Rac1 Nb6 26. Rf1 a4 27. b4 Nfxd5 28. exd5
Nxd5 29. Qd1 Nxc3 30. Rxc3 Bxg2 31. Kxg2 Rxb5 32. Nde4 Qb7 33. Kh2 cxb4 1/2-1/2

[Event "EU/EM/M/007 EU Email"]
[Site "corr"]
[Date "2002.11.02"]
[Round "?"]
[White "Weiler, Wolfgang"]
[Black "Nocci, Roberto"]
[Result "1-0"]
[WhiteElo "2309"]
[BlackElo "2292"]
[PlyCount "103"]
[EventDate "2002.??.??"]

1. e4 e5 2. Nf3 Nf6 3. Nxe5 d6 4. Nf3 Nxe4 5. d4 d5 6. Bd3 Nc6 7. O-O Be7 8. c4
Nb4 9. Be2 O-O 10. Nc3 Be6 11. Ne5 f6 12. Nf3 Kh8 13. Re1 c5 14. Be3 f5 15. a3
f4 16. Bxf4 Rxf4 17. axb4 Nxc3 18. bxc3 cxb4 19. c5 bxc3 20. Bd3 Bg8 21. Qc1
Rf6 22. Qxc3 b6 23. c6 Qc7 24. Ne5 Bd6 25. Bb5 a5 26. Qh3 Be6 27. Ng6+ Rxg6 28.
Rxe6 Rxe6 29. Qxe6 Bxh2+ 30. Kh1 Bd6 31. Re1 g6 32. Qxd5 a4 33. Re6 a3 34. Bc4
Be7 35. Qe5+ Qxe5 36. Rxe5 Bb4 37. Ba2 Kg7 38. Re6 b5 39. d5 Rc8 40. g3 Kf8 41.
Kg2 Ba5 42. f4 b4 43. Kh3 Rc7 44. Kg4 Bb6 45. Kf3 Rc8 46. Ke4 Bf2 47. g4 Bb6
48. Kd3 Rc7 49. g5 Ba5 50. Kc4 Re7 51. Re5 Bc7 52. Kc5 1-0

[Event "EU/EM/M/007 EU Email"]
[Site "corr"]
[Date "2002.11.02"]
[Round "?"]
[White "Altrock, Rainer"]
[Black "Weiler, Wolfgang"]
[Result "0-1"]
[WhiteElo "2242"]
[BlackElo "2309"]
[PlyCount "54"]
[EventDate "2002.??.??"]

1. e4 c5 2. Nf3 d6 3. d4 cxd4 4. Nxd4 Nf6 5. Nc3 a6 6. f3 e5 7. Nb3 Be6 8. Be3
Nbd7 9. g4 b5 10. g5 b4 11. Nd5 Nxd5 12. exd5 Bf5 13. Bd3 Bxd3 14. Qxd3 Be7 15.
h4 O-O 16. O-O-O a5 17. Nd2 a4 18. f4 exf4 19. Bxf4 b3 20. axb3 Nc5 21. Qe3
axb3 22. Nxb3 Nxb3+ 23. Qxb3 Qd7 24. Rhe1 Rfb8 25. Qe3 Bf8 26. h5 Ra2 27. b3
Qc8 0-1

[Event "EU/EM/M/007 EU Email"]
[Site "corr"]
[Date "2002.11.02"]
[Round "?"]
[White "Pellegrinon, Fausto"]
[Black "Weiler, Wolfgang"]
[Result "1/2-1/2"]
[WhiteElo "2220"]
[BlackElo "2309"]
[PlyCount "69"]
[EventDate "2002.??.??"]

1. d4 Nf6 2. c4 c5 3. d5 b5 4. cxb5 a6 5. bxa6 g6 6. Nc3 Bxa6 7. e4 Bxf1 8.
Kxf1 d6 9. g3 Bg7 10. Kg2 Nbd7 11. Nf3 O-O 12. h3 Ra6 13. Re1 Qa8 14. Bf4 Nb6
15. Qc2 Na4 16. Nxa4 Rxa4 17. a3 Rb8 18. Rad1 Ra6 19. Bc1 Qb7 20. Rd3 Nd7 21.
b3 Raa8 22. Nd2 Nb6 23. f4 Re8 24. g4 Bd4 25. b4 e6 26. dxe6 Rxe6 27. bxc5 dxc5
28. Rd1 Rae8 29. Rf3 Qa6 30. Re1 Qa5 31. Ref1 Qb5 32. e5 Qe2+ 33. Kh1 f6 34.
exf6 Re3 35. Qd1 1/2-1/2